Loading...
Fine Arts - Classical Music | 2 | 15.00 | 100% | 50% | 0% |
Fine Arts - Other Fine Arts | 2 | 25.00 | 100% | 100% | 50% |
Fine Arts - Painting & Sculpture | 1 | 20.00 | 100% | 100% | 0% |
History - American History | 2 | 20.00 | 100% | 100% | 0% |
History - European History | 2 | 15.00 | 100% | 0% | 50% |
History - Other History | 1 | 10.00 | 100% | 0% | 0% |
History - World History | 2 | 20.00 | 50% | 100% | 50% |
Literature - American Literature | 1 | 20.00 | 100% | 100% | 0% |
Literature - British Literature | 2 | 20.00 | 100% | 100% | 0% |
Literature - European Literature | 1 | 30.00 | 100% | 100% | 100% |
Literature - World Literature | 2 | 25.00 | 100% | 50% | 100% |
Mythology | 1 | 10.00 | 100% | 0% | 0% |
Religion | 2 | 10.00 | 100% | 0% | 0% |
Science - Biology | 1 | 20.00 | 100% | 100% | 0% |
Science - Chemistry | 1 | 20.00 | 100% | 100% | 0% |
Science - Other Science | 1 | 0.00 | 0% | 0% | 0% |
Science - Physics | 2 | 15.00 | 100% | 50% | 0% |
Social Science | 1 | 30.00 | 100% | 100% | 100% |